00436 2200169 4500001002100000005001500021035002000036245005000056100002300106250001700129300002900146260003600175082000800211084001400219020002200233650001100255INLIS00000000000017420240510085028 a0010-05240000961 aUntuk Sebuah Pengabdian /cJamal T. Suryanata0 aJamal T. Suryanata acetakan ke-3 a108 hlm :bilus ;c21 cm aJakarta :bBalai Pustaka,c2007 a813 a813 JAM u a978-979-407-757-7 4acerpen